[Event "IECG CP-2005-P-00126"]
[Site "IECG email"]
[Date "2005.10.01"]
[Round "?"]
[White "Urdiana, Cipriano"]
[Black "Llaneza, Marcos"]
[Result "0-1"]
[WhiteElo "1400"]
[BlackElo "2160"]
[PlyCount "30"]
[EventDate "2005.??.??"]
[EventType "tourn (corr)"]
[EventRounds "6"]
[SourceTitle "Corr 2024"]
[Source "ChessBase"]
[SourceDate "2023.10.19"]
[SourceVersion "1"]
[SourceVersionDate "2023.10.19"]
[SourceQuality "1"]

1. e4 c5 2. Nf3 Nc6 3. Nc3 Nf6 4. d3 d5 5. Bg5 d4 6. Bxf6 gxf6 7. Ne2 Bh6 8. Ng3 Qb6 9. a3 Qxb2 10. Ne2 Bg4 11. Qb1 Qxb1+ 12. Rxb1 0-0-0 13. Nd2 Rhg8 14. Ng3 Ne5 15. Be2 Bd7 0-1

[Event "IECG CP-2005-P-00126"]
[Site "IECG email"]
[Date "2005.10.01"]
[Round "?"]
[White "Vorobjev, Jaroslav"]
[Black "Urdiana, Cipriano"]
[Result "1-0"]
[WhiteElo "1800"]
[BlackElo "1400"]
[PlyCount "27"]
[EventDate "2005.??.??"]
[EventType "tourn (corr)"]
[EventRounds "6"]
[SourceTitle "Corr 2024"]
[Source "ChessBase"]
[SourceDate "2023.10.19"]
[SourceVersion "1"]
[SourceVersionDate "2023.10.19"]
[SourceQuality "1"]

1. Nf3 d5 2. d4 c6 3. c4 g6 4. Nc3 Nf6 5. e3 Bg7 6. Be2 0-0 7. 0-0 Bg4 8. h3 Bxf3 9. Bxf3 e6 10. b3 Qa5 11. Bb2 Nbd7 12. Qc2 Rac8 13. a3 Rfe8 14. Rac1 1-0